| 000 | 00000nam##2200000za#4500 |
| 001 | 9.642049 |
| 003 | CaOODSP |
| 005 | 20210624223518 |
| 007 | cr ||||||||||| |
| 008 | 150407|1999||||xxc|||||o f|0| 0 fre|d |
| 040 | |aCaOODSP|bfre |
| 043 | |an-cn--- |
| 086 | 1 |aBT53-9/1-1999F-PDF |
| 110 | 1 |aCanada.|bConseil du trésor.|bDirection du dirigeant principal de l'information. |
| 245 | 10|aCadre amélioré pour la gestion de la technologie de l'information : |h[ressource électronique]|bguide de la charte de projet |
| 260 | |aOttawa - Ontario : |bSecrétariat du Conseil du Trésor du Canada. |cFévrier 1999. |
| 300 | |a39p.|btableaux |
| 500 | |a«En peu de mots, il s'agit d'une entente entre l'organisation qui fournit le produit ou le service, d'une part, et l'organisation cliente qui demande et reçoit les documents à livrer, d'autre part. C'est un mécanisme permettant d'obtenir l'engagement de tous les groupes et particuliers touchés par un projet précis.»--Page 4 de 39. |
| 520 | 3 |aEn peu de mots, il s'agit d'une entente entre l'organisation qui fournit le produit ou le service, d'une part, et l'organisation cliente qui demande et reçoit les documents à livrer, d'autre part. C'est un mécanisme permettant d'obtenir l'engagement de tous les groupes et particuliers touchés par un projet précis.--Page 4 de 39. |
| 590 | |a13-15-Supp|b2013-06-24 |
| 691 | 07|aGestion de projet|2gcpds |
| 691 | 07|aTechnologie de l'information|2gcpds |
| 775 | 08|tEnhanced management framework for information technology : |w(CaOODSP)9.698053 |
| 776 | 0#|tEnhanced management framework for information technology : |w(CaOODSP)9.661871 |
| 776 | 0#|tCadre amélioré pour la gestion de la technologie de l'information : |w(CaOODSP)9.661872 |
| 856 | 40|ahttp://publications.gc.ca|qPDF|s125 Ko|uhttps://publications.gc.ca/collections/Collection/BT53-9-1-1999F.pdf |